000 00725nam a2200325Ia 4500
008 210210b1820 xxu||||| |||| 00| 0 eng d
041 _aeng
082 _a911/42
100 _aMURRAY (H)
245 _aHistorical account of discoveries and travels in Asia from the earliest ages to the recent times I
260 _aEdinburg
_b-
_c1820
650 _atravels
650 _ato
650 _atimes
650 _athe
650 _arecent
650 _aof
650 _ain
650 _aI
650 _aHistorical
650 _afrom
650 _aearliest
650 _adiscoveries
650 _aAsia
650 _aand
650 _aages
650 _aaccount
690 _aTravel
906 _a024714
999 _c150336
_d150336